000 00903cam a2200289 i 4500
001 109888
005 20230410105613.0
008 130509b2010 fr a 000 0 fre
020 _a2212545606
020 _a9782212545609
050 1 4 _aHD 30.3
_bD842g 2010
082 0 0 _a658.45
100 1 _aDucrey, Vincent
245 1 3 _aLe guide de l'influence /
_cVincent Ducrey
260 _aParis :
_bEyrolles, DL ;
_c2010.
300 _a1 vol. (XII-307 p.) :
_bill. en coul. ;
_c24 cm.
650 0 _aInformation resources management.
650 0 _aMass media
_xManagement.
650 0 _aBusiness and economics
_xInformation Management.
650 4 _aComunicación organizacional.
650 4 _aPrimera Jornada de Catalogacion.
650 7 _aCommunication dans les organisations
650 7 _aGestion de l'information
650 7 _aInfluence (psychologie)
942 _2lcc
_cbk
946 _aLM / ih
999 _c40135
_d40135